[Event "Canarias-chT"]
[Site "Vecindario"]
[Date "2019.06.16"]
[Round "6.1"]
[White "Carballo Rodriguez, Adonai"]
[Black "Hernandez Guerra, Luna Yue"]
[Result "0-1"]
[WhiteElo "1542"]
[BlackElo "1716"]
[PlyCount "62"]
[EventDate "2019.06.13"]
[EventType "team-swiss"]
[EventRounds "6"]
[EventCountry "ESP"]
[SourceTitle "EXT 2020"]
[Source "ChessBase"]
[SourceDate "2019.10.17"]
[SourceVersion "1"]
[SourceVersionDate "2019.10.17"]
[SourceQuality "1"]
[WhiteTeam "Roque Niquiomo  II"]
[BlackTeam "Panaderia Pulido San Mateo"]
[WhiteTeamCountry "ESP"]
[BlackTeamCountry "ESP"]

1. d4 e6 2. c4 f5 3. Nc3 Nf6 4. Bg5 Be7 5. Nf3 b6 6. e3 Bb7 7. Be2 d6 8. 0-0 Nbd7 9. Rc1 h6 10. Bxf6 Bxf6 11. Bd3 0-0 12. Re1 a6 13. e4 f4 14. e5 dxe5 15. dxe5 Bxf3 16. Qxf3 Nxe5 17. Rxe5 Bxe5 18. Qe4 Bxc3 19. bxc3 Qf6 20. Re1 Rad8 21. h3 Rd6 22. Bc2 Qxc3 23. Qh7+ Kf7 24. Qg6+ Ke7 25. Re2 Qf6 26. Qe4 f3 27. gxf3 Qxf3 28. Qe5 Rf7 29. c5 bxc5 30. Bb3 Rf6 31. Bc4 Rd1+ 0-1

[Event "Canarias-chT"]
[Site "Vecindario"]
[Date "2018.06.03"]
[Round "6.4"]
[White "Carballo Rodriguez, Adonai"]
[Black "Rodriguez Molina, Mario"]
[Result "1/2-1/2"]
[WhiteElo "1552"]
[BlackElo "1531"]
[PlyCount "45"]
[EventDate "2018.05.31"]
[EventType "team-swiss"]
[EventRounds "6"]
[EventCountry "ESP"]
[SourceTitle "EXT 2024"]
[Source "ChessBase"]
[SourceDate "2023.10.10"]
[SourceVersion "1"]
[SourceVersionDate "2023.10.10"]
[SourceQuality "1"]
[WhiteTeam "Roque Niquiomo"]
[BlackTeam "Isla Bonita"]
[WhiteTeamCountry "ESP"]
[BlackTeamCountry "ESP"]

1. d4 d6 2. c4 Nd7 3. Nf3 e5 4. dxe5 dxe5 5. e4 Ngf6 6. Bg5 Bb4+ 7. Nbd2 0-0 8. a3 Bxd2+ 9. Nxd2 Qe8 10. Be2 Qe6 11. 0-0 Nc5 12. Bxf6 Qxf6 13. b4 Ne6 14. g3 Rd8 15. Bf3 Qg5 16. Ra2 Nd4 17. Bg2 Be6 18. f4 exf4 19. gxf4 Qh4 20. f5 Bc8 21. Nb3 Nxb3 22. Qxb3 b6 23. Qg3 1/2-1/2